| 000 | 01186cam a22003377a 4500 | ||
|---|---|---|---|
| 003 | CHAP | ||
| 005 | 20220329141829.0 | ||
| 008 | 971125d1997 mx a r 00110 spa d | ||
| 010 | _a74507 | ||
| 011 | _a75479 | ||
| 035 | _a85043 | ||
| 040 | _cCHAP | ||
| 090 | _aTesis | ||
| 100 | 0 | 0 |
_aVelasco Alejo, Virgen. _9118370 |
| 245 | 1 | 0 |
_aDescripción de larva y pupa de Catachlorops (Psalidia) beameri Philip (Diptera : Tabanidae) _c/por Virgen Velasco Alejo |
| 260 |
_aChapingo, Méx. : _bEl autor, _c1997. |
||
| 300 |
_a50 h. : _bilus. |
||
| 502 | _aTesis (Ing. Agr. Esp. en Parasitología Agrícola) -- UACH. Departamento de Parasitología Agrícola | ||
| 590 |
_aALEPH _b10 _c20130110 _lUCH01 _h1419 |
||
| 590 |
_aBATCH-UPD _b10 _c20130110 _lUCH01 _h0727 |
||
| 590 |
_aBATCH-UPD _b10 _c20130410 _lUCH01 _h0411 |
||
| 590 |
_aBATCH-UPD _b10 _c20130914 _lUCH01 _h1647 |
||
| 590 |
_aCONVERSION _b10 _c20130109 _lUCH01 _h1341 |
||
| 650 | 1 | 4 |
_aInsectos _xIdentificación. _958929 |
| 650 | 1 | 4 |
_aTábano. _9113484 |
| 901 | _aBK | ||
| 905 | _aLilia Sánchez G. | ||
| 942 | _cFOLL | ||
| 949 |
_bBC _cTES _d33724000637336 _eTS2 _fc.2 _h31625 _i85043 _sb |
||
| 949 |
_bBC _cTES _d850431 _eTS1 _h31624 _i85043 _sb |
||
| 999 |
_c74507 _d74507 |
||